|
|
|
|
| LEADER |
00000nab a2200000 a 4500 |
| 001 |
vtls000650496 |
| 003 |
SK-MaSNL |
| 005 |
20260304033953.0 |
| 008 |
180206c1998 xo 0 slo |
| 015 |
|
|
|a SNBRA1998/03-05506
|
| 035 |
|
|
|a CLN000002690
|
| 040 |
|
|
|a SNKBUCL
|b slo
|c SNKBUCL
|e AACR2
|
| 041 |
0 |
|
|a slo
|
| 044 |
|
|
|a xo
|c SK
|
| 080 |
|
|
|a 331.5.024.5:061.3
|2 UDC-MRF-SK2
|
| 100 |
1 |
|
|a Reiselová, Eva,
|d 1960-
|4 aut
|9 12922
|
| 245 |
1 |
0 |
|a Politika zamestnanosti smeruje do závozu
|c Eva Reiselová
|
| 650 |
0 |
7 |
|a trh práce
|x politika zamestnanosti
|x semináre
|x február 1998
|2 snkbucl
|9 1316358
|
| 650 |
0 |
7 |
|a politika zamestnanosti
|2 snkbucl
|9 2332
|
| 655 |
|
7 |
|a články z novín a časopisov
|2 snkbucl
|2 snkbucl
|9 267496
|
| 773 |
0 |
|
|t Trend
|g Č. 10 (1998), s. 10A
|
| 850 |
|
|
|a Slovenská národná knižnica v Martine
|
| 852 |
|
|
|a SNK
|b KIS3GCP
|
| 958 |
|
|
|a RBX
|x rozpis článkov z periodík
|
| 999 |
|
|
|c 2650657
|d 2652587
|